| 000 | 01390cam a22003374a 4500 | ||
|---|---|---|---|
| 999 |
_c1813 _d1813 |
||
| 001 | 13477604 | ||
| 003 | OSt | ||
| 005 | 20221109115131.0 | ||
| 008 | 040202s2005 cauab b 001 0 eng | ||
| 010 | _a 2004101400 | ||
| 020 | _a0534420664 | ||
| 035 | _a(DLC) 2004101400 | ||
| 040 |
_aDLC _cDLC _dDLC |
||
| 042 | _apcc | ||
| 050 | 0 | 0 |
_aQH541 _b.O3 2005 |
| 082 | 0 | 0 |
_a577 _222 _bODU/F |
| 100 | 1 |
_aOdum, Eugene P. _q(Eugene Pleasants), _d1913-2002 _94888 |
|
| 245 | 1 | 0 |
_aFundamentals of ecology / _cEugene P. Odum, Gary W. Barrett. |
| 250 | _a5th ed. | ||
| 260 |
_aBelmont, CA : _bThomson Brooks/Cole, _cc2005. |
||
| 300 |
_axviii, 598 p. : _bill. (some col.), maps ; _c27 cm. |
||
| 504 | _aIncludes bibliographical references (p. 535-581) and index. | ||
| 650 | 0 |
_aEcology _vTextbooks. |
|
| 700 | 1 | _aBarrett, Gary W. | |
| 856 | 4 | 2 |
_3Contributor biographical information _uhttp://www.loc.gov/catdir/enhancements/fy1103/2004101400-b.html |
| 856 | 4 | 2 |
_3Publisher description _uhttp://www.loc.gov/catdir/enhancements/fy1103/2004101400-d.html |
| 856 | 4 | 1 |
_3Table of contents only _uhttp://www.loc.gov/catdir/enhancements/fy1103/2004101400-t.html |
| 906 |
_a7 _bcbc _corignew _d3 _eepcn _f20 _gy-gencatlg |
||
| 942 |
_2ddc _cBK _h577 _iODU/F _k577 _mODU/F |
||